000 00717nam a2200205 i 4500
001 62984
003 ES-MaACL
005 20250808084930.0
007 t|
008 031127s1910 sp ||||1| spa d
100 1 _aFernández Novoa, Jesús.
_949960
245 1 1 _a¿Debe reformarse el art. 776 del Código civil?
_b: tesis presentada, para aspirar al grado de doctor en derecho /
_cpor el licenciado Jesús Fernández Novoa.
260 _aSantiago :
_b[s.n.],
_c1910 (
_fTip. Galaica)
300 _a94 p. ;
_c20 cm.
502 _aTesis doctoral.
650 0 4 _aDerecho civil-
_zEspaña
_911659
650 _aCódigo civil-
_zEspaña.
_9135863
852 _aES-MaACL
_jT-1222-F-4
999 _c62984
_d62984